Three years observation on climatic conditions at the Matang mangrove Peninsular Malaysia

Bibliographic Details
Corporate Author: Institut Penyelidikan Perhutanan Malaysia (FRIM)
Format: Book
Published: Kuala Lumpur : Forest Research Institute Malaysia , 1991
Series:Research pamphlet ; no. 111
Subjects:

MARC

LEADER 00000cam a2200000 7i4500
001 0000003024
005 20040402.0
090 0 0 |a RP 577.698   |b SHA 1991 
100 0 0
245 1 0 |a Three years observation on climatic conditions at the Matang mangrove Peninsular Malaysia   |c Shamsudin Ibrahim 
260 0 0 |a Kuala Lumpur :   |b Forest Research Institute Malaysia ,   |c 1991 
300 |a 53 p. ;   |c 30 cm. 
440 0 0 |a Research pamphlet ; no. 111 
650 0 0 |a Mangrove ecology   |z Peninsular Malaysia 
710 1 1 |a Institut Penyelidikan Perhutanan Malaysia (FRIM) 
998 |a JPSM 
999 |a 0000005365   |b Monograph   |c Open Shelf   |e Default branch 
999 |a 0000005366   |b Monograph   |c Open Shelf   |e Default branch 
999 |a 0000005367   |b Monograph   |c Open Shelf   |e Default branch